[Event "DVM U10 2020"]
[Site "Magdeburg GER"]
[Date "2021.08.06"]
[Round "1"]
[White "Kraeh, Niklas"]
[Black "Zimmer, Tim"]
[Result "1/2-1/2"]
[Termination "normal"]
[Board "10.2"]
[WhiteElo "1089"]
[BlackElo "1013"]
[WhiteTeam "SV Multatuli Ingelheim e.V."]
[BlackTeam "SV Werder Bremen"]
[PlyCount "43"]
[WhiteFideId "34610073"]
[BlackFideId "34603115"]
[EventCountry "GER"]
[EventRounds "7"]
[EventType "team-swiss"]
[EventDate "2021.08.06"]

{[%evp 0,43,16,18,30,-20,0,-9,2,-26,12,-76,-36,-90,-35,-79,-86,-107,-110,-318,
-20,-22,-22,-112,-80,-101,-25,-89,58,24,28,-141,-117,-117,-99,-155,-102,-138,
-154,-154,-108,-114,-120,-138,-155,-137]} 1. d4 d5 2. c4 e6 3. Nc3 Nf6 4. Bf4
c5 5. Nb5 Na6 6. Nf3 Bd7 7. Nd6+ Bxd6 8. Bxd6 Qa5+ 9. Qd2 Qxd2+ 10. Nxd2 cxd4
11. Nb3 dxc4 12. Nxd4 Rc8 13. e3 Bc6 14. f3 Nd5 15. O-O-O Nxe3 16. Rd2 Bd5 17.
Kb1 Kd7 18. Bf4 Nxf1 19. Rxf1 c3 20. bxc3 Rxc3 21. Nb5 Rc4 22. Be5 1/2-1/2

[Event "DVM U10 2020"]
[Site "Magdeburg GER"]
[Date "2021.08.06"]
[Round "1"]
[White "Schube, Theresa"]
[Black "Leitner, Niklas"]
[Result "1-0"]
[Termination "normal"]
[Board "10.3"]
[WhiteElo "1264"]
[BlackElo "833"]
[WhiteTeam "SV Werder Bremen"]
[BlackTeam "SV Multatuli Ingelheim e.V."]
[PlyCount "91"]
[WhiteFideId "34608800"]
[BlackFideId "34610189"]
[EventCountry "GER"]
[EventRounds "7"]
[EventType "team-swiss"]
[EventDate "2021.08.06"]

{[%evp 0,65,30,27,32,32,32,-7,-7,-6,67,67,137,42,42,47,194,189,185,50,226,-42,
545,548,549,463,460,470,468,474,472,451,520,444,799,491,636,624,615,546,583,
600,610,620,625,596,638,654,659,671,683,725,850,887,887,927,918,920,993,976,
1077,1115,1130,1212,1478,1227,1275,1100]} 1. e4 e5 2. Nf3 Nc6 3. d4 exd4 4.
Nxd4 Nxd4 5. Qxd4 Nf6 6. Bg5 Be7 7. e5 Nh5 8. Bxe7 Qxe7 9. Be2 g6 10. e6 dxe6
11. Qxh8+ Qf8 12. Qxf8+ Kxf8 13. Bxh5 gxh5 14. Nc3 Bd7 15. O-O-O Ke7 16. Rd3 e5
17. Rhd1 Bf5 18. Nd5+ Kf8 19. Nxc7 Rc8 20. Rd8+ Rxd8 21. Rxd8+ Kg7 22. f3 e4
23. Ne8+ Kg6 24. Nd6 exf3 25. Nxf5 fxg2 26. Nh4+ Kg5 27. Nxg2 h4 28. Rg8+ Kh5
29. h3 f5 30. Rg7 Kh6 31. Rxb7 Kg5 32. Rxh7 f4 33. Nxf4 Kxf4 34. Rxh4+ Ke5 35.
Rg4 Kf5 36. Rg1 Kf4 37. h4 a5 38. h5 Kf3 39. h6 Ke4 40. h7 Kd5 41. h8=Q Kc5 42.
Qe5+ Kc6 43. Rg6+ Kd7 44. Qh5 Ke7 45. Qh7+ Kf8 46. Rg8# 1-0

[Event "DVM U10 2020"]
[Site "Magdeburg GER"]
[Date "2021.08.06"]
[Round "1"]
[White "Dell, Philip"]
[Black "Dütsch, Kilian"]
[Result "1-0"]
[Termination "normal"]
[Board "11.2"]
[WhiteElo "1218"]
[BlackElo "864"]
[WhiteTeam "Düsseldorfer Schachverein 1854"]
[BlackTeam "Schachklub Schweinfurt 2000 e.V."]
[PlyCount "85"]
[WhiteFideId "34619585"]
[BlackFideId "34605517"]
[EventCountry "GER"]
[EventRounds "7"]
[EventType "team-swiss"]
[EventDate "2021.08.06"]

{[%evp 0,71,32,32,60,43,43,11,156,87,97,66,107,111,162,59,402,348,348,329,348,
194,203,160,238,236,747,722,719,719,728,622,625,569,602,570,623,588,584,534,
536,528,593,599,612,621,624,606,600,553,609,586,638,593,639,624,646,621,667,
632,778,648,735,854,883,906,907,956,968,987,984,1011,1079,1116]} 1. e4 c5 2.
Nf3 Nc6 3. d4 b6 4. Nc3 cxd4 5. Nxd4 Nxd4 6. Qxd4 d6 7. Qd5 Be6 8. Bb5+ Bd7 9.
Bxd7+ Kxd7 10. Qb5+ Kc7 11. Nd5+ Kb7 12. Nb4 Qc7 13. Qd5+ Kc8 14. Qxa8+ Qb8 15.
Qxb8+ Kxb8 16. Be3 Nf6 17. f3 g6 18. Bd4 Bg7 19. Bxf6 Bxf6 20. c3 Rc8 21. Nd5
Rc5 22. Nxf6 exf6 23. Rd1 Kc7 24. Rd5 Rc6 25. Kd2 Kd7 26. h4 Ke8 27. Kd3 Kf8
28. h5 g5 29. h6 Kg8 30. Rd4 a5 31. Rc4 Rxc4 32. Kxc4 Kf8 33. Kb5 Ke7 34. Kxb6
a4 35. b4 axb3 36. axb3 Kd8 37. Kc6 Kc8 38. b4 Kb8 39. Ra1 d5 40. exd5 f5 41.
d6 g4 42. d7 gxf3 43. d8=R# 1-0

[Event "DVM U10 2020"]
[Site "Magdeburg GER"]
[Date "2021.08.06"]
[Round "1"]
[White "Gerull, Luis"]
[Black "Teng, David"]
[Result "0-1"]
[Termination "normal"]
[Board "11.3"]
[WhiteElo "854"]
[BlackElo "1380"]
[WhiteTeam "Schachklub Schweinfurt 2000 e.V."]
[BlackTeam "Düsseldorfer Schachverein 1854"]
[PlyCount "58"]
[WhiteFideId "34606270"]
[BlackFideId "34604570"]
[EventCountry "GER"]
[EventRounds "7"]
[EventType "team-swiss"]
[EventDate "2021.08.06"]

{[%evp 0,58,32,32,43,43,43,53,90,50,67,59,59,32,26,34,29,12,46,-106,-88,-95,
-97,-131,-89,-138,-115,-180,-174,-174,-176,-249,-233,-238,-222,-489,-465,-492,
-499,-568,-530,-671,-617,-702,-728,-704,-772,-932,-953,-2282,-2438,-29987,
-29990,-29993,-29990,-29993,-29994,-29997,-29998,-29999,-30000]} 1. e4 c5 2.
Nf3 e6 3. Nc3 a6 4. d3 b5 5. a3 Bb7 6. Be3 Nf6 7. Be2 Qc7 8. Qd2 d5 9. d4 dxe4
10. Ne5 Nc6 11. Nxc6 Bxc6 12. f3 Rd8 13. Bf4 Bd6 14. Bxd6 Qxd6 15. O-O-O cxd4
16. Nxe4 Bxe4 17. Rhf1 Bb7 18. c3 Qc7 19. Qc2 dxc3 20. bxc3 O-O 21. g4 Rc8 22.
Rd3 Nd5 23. Rg1 Nxc3 24. Kb2 Na4+ 25. Ka1 Qxc2 26. Rb1 Qxe2 27. Rdd1 Rc2 28.
Rb3 Ra2+ 29. Kb1 Qc2# 0-1

[Event "DVM U10 2020"]
[Site "Magdeburg GER"]
[Date "2021.08.06"]
[Round "1"]
[White "Melestean, Maxim"]
[Black "Zander, Ben Erik"]
[Result "1-0"]
[Termination "normal"]
[Board "12.1"]
[WhiteElo "1289"]
[BlackElo "958"]
[WhiteTeam "Schachklub König Plauen"]
[BlackTeam "Schachfreunde Hettstedt"]
[PlyCount "83"]
[WhiteFideId "16280393"]
[BlackFideId "34627090"]
[EventCountry "GER"]
[EventRounds "7"]
[EventType "team-swiss"]
[EventDate "2021.08.06"]

{[%evp 0,61,32,20,13,-14,26,27,44,53,74,70,70,-9,-9,-24,0,0,0,0,59,20,133,125,
121,110,98,117,165,128,146,130,185,170,170,164,192,193,207,191,222,216,227,223,
313,242,256,229,206,200,249,208,218,81,225,228,298,281,302,319,355,332,841,863]normal}
1. d4 d5 2. c4 dxc4 3. e3 Nf6 4. Bxc4 Bf5 5. Qb3 e6 6. Qxb7 Be4 7. Qb5+ Bc6 8.
Qg5 h6 9. Qg3 Bb4+ 10. Bd2 Bxd2+ 11. Nxd2 O-O 12. Ngf3 Nbd7 13. O-O Nb6 14. b3
Qe7 15. Ne5 Qd6 16. Nxc6 Qxc6 17. Rfc1 Nxc4 18. Rxc4 Qd6 19. Rxc7 Qxg3 20. hxg3
Rac8 21. Rac1 Rcd8 22. Nf3 a5 23. Ra7 Rc8 24. Rcc7 Nd5 25. Rxc8 Rxc8 26. Kh2 g5
27. Ne5 f6 28. Nc4 h5 29. Rxa5 Nc3 30. a4 Kf7 31. Nd6+ Ke7 32. Nxc8+ Kf7 33. b4
Ne4 34. b5 h4 35. gxh4 gxh4 36. b6 Nxf2 37. b7 Ng4+ 38. Kg1 Nxe3 39. b8=Q Nd5
40. Ra7+ Kg6 41. Nd6 Nf4 42. Qg8+ 1-0

[Event "DVM U10 2020"]
[Site "Magdeburg GER"]
[Date "2021.08.06"]
[Round "1"]
[White "Kühne, Paul"]
[Black "da Costa Silva, Pepe"]
[Result "1/2-1/2"]
[Termination "normal"]
[Board "12.2"]
[WhiteElo "1040"]
[BlackElo "1105"]
[WhiteTeam "Schachfreunde Hettstedt"]
[BlackTeam "Schachklub König Plauen"]
[PlyCount "45"]
[BlackFideId "16282000"]
[EventCountry "GER"]
[EventRounds "7"]
[EventType "team-swiss"]
[EventDate "2021.08.06"]

{[%evp 0,45,32,32,43,47,53,-3,84,-5,-17,-31,2,-20,-25,-25,19,-14,-1,-8,-4,-21,
-3,-24,-16,-43,-9,-26,14,-40,-41,-130,-147,-137,-137,-137,-155,-149,-149,-158,
-128,-122,33,33,50,57,37,37]} 1. e4 c5 2. Nf3 Nc6 3. c3 d6 4. h3 Nf6 5. Qc2 e6
6. Bb5 Bd7 7. O-O Qc7 8. Re1 a6 9. Bxc6 Bxc6 10. d3 b5 11. b3 Qb7 12. Re3 c4
13. dxc4 bxc4 14. bxc4 Bxe4 15. Qb2 Qxb2 16. Bxb2 Rb8 17. Re2 Bd3 18. Rd2 Bxc4
19. Na3 Ne4 20. Rd4 d5 {=} 21. Nxc4 dxc4 22. Rxe4 Rxb2 23. Rxc4 1/2-1/2

[Event "DVM U10 2020"]
[Site "Magdeburg GER"]
[Date "2021.08.06"]
[Round "1"]
[White "Al-Hrishat, Alhasan"]
[Black "Heidenreich, Piero"]
[Result "0-1"]
[Termination "normal"]
[Board "12.3"]
[WhiteElo "1123"]
[BlackElo "821"]
[WhiteTeam "Schachklub König Plauen"]
[BlackTeam "Schachfreunde Hettstedt"]
[PlyCount "130"]
[BlackFideId "34664289"]
[EventCountry "GER"]
[EventRounds "7"]
[EventType "team-swiss"]
[EventDate "2021.08.06"]

{[%evp 0,75,32,32,32,32,10,7,14,-7,73,33,140,47,122,122,116,114,182,166,333,
114,127,-40,81,-1,126,108,106,130,115,121,115,94,112,18,22,29,26,18,192,200,
182,182,213,201,207,207,808,223,228,61,53,58,85,-40,-27,-301,24,-16,157,-19,
-30,-27,-49,-112,-108,-148,-140,-158,-150,-153,-153,-202,-200,-497,-604,-611]normal}
1. e4 e5 2. Nf3 Nf6 3. Nc3 Nc6 4. d4 d6 5. Bc4 a6 6. d5 Nd4 7. Nxd4 exd4 8.
Qxd4 b5 9. Bd3 c5 10. Qe3 Be7 11. e5 dxe5 12. Qxe5 Qd6 13. Bf4 Qxe5+ 14. Bxe5
O-O 15. d6 Bd8 16. O-O Re8 17. Bf4 c4 18. Be2 b4 19. Bf3 Ra7 20. Nd5 Nxd5 21.
Bxd5 h6 22. Rfe1 Rxe1+ 23. Rxe1 Bf6 24. Be3 Rd7 25. h3 Rxd6 26. Bxc4 Bxb2 27.
Rb1 Bc3 28. Bc5 Rg6 29. Bd3 Rg5 30. Be3 Rd5 31. Bc4 Rd6 32. g3 Bxh3 33. Kh2 Bf5
34. Rc1 Rc6 35. Bd5 Rd6 36. Bf3 Be6 37. Rd1 Rxd1 38. Bxd1 Bxa2 39. f4 a5 40.
Bb6 a4 41. Kg2 Bd5+ 42. Kf2 a3 43. Ke2 a2 44. Kd3 a1=Q 45. Bg4 Qa6+ 46. Ke3
Qxb6+ 47. Ke2 Bc4+ 48. Kf3 Bd5+ 49. Ke2 Be6 50. Bf3 g6 51. Be4 Bg4+ 52. Bf3
Bxf3+ 53. Kxf3 g5 54. Kg4 h5+ 55. Kxg5 Qf6+ 56. Kxh5 Qf5+ 57. Kh4 Qxc2 58. Kg4
b3 59. Kh5 b2 60. Kh4 b1=Q 61. Kg4 Qbd1+ 62. Kh4 Bf6+ 63. Kh3 Qh7+ 64. Kg2
Qhh1+ 65. Kf2 Bd4# 0-1

[Event "DVM U10 2020"]
[Site "Magdeburg GER"]
[Date "2021.08.06"]
[Round "1"]
[White "Ecke, Erik"]
[Black "Akladius, Antonius"]
[Result "0-1"]
[Termination "normal"]
[Board "12.4"]
[WhiteElo "803"]
[BlackElo "991"]
[WhiteTeam "Schachfreunde Hettstedt"]
[BlackTeam "Schachklub König Plauen"]
[PlyCount "78"]
[WhiteFideId "16289420"]
[BlackFideId "16289153"]
[EventCountry "GER"]
[EventRounds "7"]
[EventType "team-swiss"]
[EventDate "2021.08.06"]

{[%evp 0,41,32,14,43,53,47,47,59,40,60,38,42,34,49,-15,-27,-27,171,13,23,14,0,
0,27,70,166,-72,70,-5,122,-112,178,0,633,188,208,-8,-49,-66,-66,-319,31,-306]normal}
1. e4 c5 2. Nc3 Nc6 3. Nf3 d6 4. Bc4 e6 5. O-O Nf6 6. d3 d5 7. e5 dxc4 8. exf6
g6 9. Bg5 cxd3 10. cxd3 h6 11. Bh4 g5 12. Bg3 Qxf6 13. Ne4 Qd8 14. Rc1 b6 15.
Qd2 g4 16. Bh4 Qc7 17. Bg3 Qb7 18. Nh4 f5 19. Nf6+ Kf7 20. Qc3 e5 21. Nd5 f4
22. Bxf4 Bg7 23. Be3 e4 24. Qc4 Bxb2 25. Nf4+ Ke8 26. Nfg6 Na5 27. Qa4+ b5 28.
Qxa5 exd3 29. Qd2 Bxc1 30. Qxc1 Rg8 31. Ne5 Qd5 32. Bf4 Bb7 33. Qb1 Rf8 34.
Neg6 Rg8 35. Qxb5+ Bc6 36. Qb2 Rxg6 37. Qh8+ Kf7 38. Qc3 Rag8 39. Nxg6 Qxg2#
0-1

[Event "DVM U10 2020"]
[Site "Magdeburg GER"]
[Date "2021.08.06"]
[Round "1"]
[White "Dietrich, Fabian"]
[Black "Seth, Aakrit"]
[Result "1-0"]
[Termination "normal"]
[Board "13.1"]
[WhiteElo "1174"]
[BlackElo "1381"]
[WhiteTeam "SK Marburg 1931/72"]
[BlackTeam "SC Weisse Dame e.V."]
[PlyCount "83"]
[WhiteFideId "34640240"]
[BlackFideId "34604812"]
[EventCountry "GER"]
[EventRounds "7"]
[EventType "team-swiss"]
[EventDate "2021.08.06"]

{[%evp 0,47,32,14,47,47,72,67,66,39,41,37,84,47,50,28,40,35,27,32,50,28,32,27,
11,29,24,13,78,93,225,48,59,34,140,155,168,67,155,106,141,-253,289,301,401,240,
468,532,551,885]} 1. e4 c5 2. Nf3 d6 3. d4 cxd4 4. Nxd4 Nf6 5. Nc3 g6 6. Be3
Bg7 7. f3 O-O 8. Qd2 Nc6 9. O-O-O a6 10. Kb1 Nxd4 11. Bxd4 Be6 12. g4 Rc8 13.
h4 b5 14. h5 Qa5 15. hxg6 fxg6 16. g5 Nd7 17. Bxg7 Kxg7 18. Qh2 Rh8 19. Qh6+
Kg8 20. f4 Qc7 21. f5 Bf7 22. Bd3 b4 23. Nd5 Bxd5 24. exd5 Ne5 25. fxg6 Nxd3
26. gxh7+ Kf7 27. Rdf1+ Ke8 28. Qg6+ Kd7 29. Qxd3 Qc5 30. g6 a5 31. g7 a4 32.
gxh8=Q Rxh8 33. Qf5+ Kc7 34. Qf8 Rxf8 35. Rxf8 Qxd5 36. h8=Q b3 37. Qc3+ Kb7
38. axb3 Qxh1+ 39. Ka2 Kb6 40. Rb8+ Ka6 41. Qb4 Ka7 42. Qb6# 1-0

[Event "DVM U10 2020"]
[Site "Magdeburg GER"]
[Date "2021.08.06"]
[Round "1"]
[White "Zhou, Leyi Charlotte"]
[Black "Jung, Lukas"]
[Result "0-1"]
[Termination "normal"]
[Board "13.2"]
[WhiteElo "1199"]
[BlackElo "865"]
[WhiteTeam "SC Weisse Dame e.V."]
[BlackTeam "SK Marburg 1931/72"]
[PlyCount "76"]
[WhiteFideId "16258100"]
[EventCountry "GER"]
[EventRounds "7"]
[EventType "team-swiss"]
[EventDate "2021.08.06"]

{[%evp 0,54,32,14,32,32,20,0,-1,-1,12,-8,5,17,8,8,10,5,15,4,5,-42,1,-26,-28,
-31,-33,-28,-23,-23,-23,-37,-55,-164,-119,-190,-124,-725,-9,-95,-23,-52,-37,
-61,-42,-56,0,0,0,-50,-3,-742,-745,-762,-751,-751,-772]} 1. e4 e5 2. Nf3 Nc6 3.
d4 exd4 4. Nxd4 Nf6 5. Nxc6 bxc6 6. Nc3 Bb4 7. Bd3 O-O 8. O-O d5 9. exd5 cxd5
10. Ne2 Bg4 11. Bg5 Re8 12. c3 Bc5 13. h3 Bxe2 14. Bxe2 c6 15. b4 Bb6 16. Re1
h6 17. Bh4 Qd6 18. Bg3 Qd7 19. a4 Ne4 20. Bg4 Qb7 21. a5 Nxg3 22. axb6 Ne4 23.
bxa7 Rxa7 24. f3 Qb6+ 25. Kh1 Nf2+ 26. Kh2 Qb8+ 27. f4 Nxd1 28. Rxe8+ Qxe8 29.
Rxa7 Qe4 30. Bxd1 Qxf4+ 31. Kh1 Qf1+ 32. Kh2 Qxd1 33. Rc7 Qa4 34. Kg1 Qb5 35.
Kh1 Qc4 36. Rc8+ Kh7 37. Rc7 Qxc3 38. b5 Qe1+ 0-1

[Event "DVM U10 2020"]
[Site "Magdeburg GER"]
[Date "2021.08.06"]
[Round "1"]
[White "Piller, Rafael"]
[Black "John, Linnea"]
[Result "1/2-1/2"]
[Termination "normal"]
[Board "13.3"]
[WhiteElo "931"]
[BlackElo "1085"]
[WhiteTeam "SK Marburg 1931/72"]
[BlackTeam "SC Weisse Dame e.V."]
[PlyCount "115"]
[BlackFideId "34623680"]
[EventCountry "GER"]
[EventRounds "7"]
[EventType "team-swiss"]
[EventDate "2021.08.06"]

{[%evp 0,63,32,32,47,15,33,37,67,63,45,45,36,29,19,29,29,21,31,-32,-34,-71,-69,
-74,-73,-77,-86,-73,-79,-85,-87,-89,-81,-177,-160,-264,-157,-157,-127,-130,
-127,-227,-190,-413,-406,-410,-433,-424,-430,-450,-450,-503,-306,-357,-160,
-170,-175,-186,-187,-190,-137,-169,-88,-80,-52,-122]} 1. e4 c5 2. Bc4 Nc6 3.
Nf3 g6 4. Nc3 Bg7 5. O-O d6 6. h3 Nf6 7. d3 O-O 8. Bg5 Bd7 9. Bxf6 Bxf6 10. Nd5
Bxb2 11. Rb1 Bg7 12. Rxb7 Na5 13. Rb1 Nxc4 14. dxc4 e6 15. Ne3 Bc6 16. Qd2 Bxe4
17. Ng4 d5 18. cxd5 exd5 19. Ng5 Bf5 20. Nh2 Bh6 21. h4 f6 22. Nhf3 fxg5 23.
hxg5 Bg7 24. Rfe1 Be4 25. Rb7 Bxf3 26. gxf3 Re8 27. Rxe8+ Qxe8 28. Qxd5+ Kh8
29. Qxc5 Rc8 30. Re7 Qd8 31. Qxa7 Qg8 32. Qb7 Rxc2 33. a4 Ra2 34. Qa7 Ra1+ 35.
Kg2 Bf8 36. Qd4+ Bg7 37. Qa7 Qf8 38. a5 Rxa5 39. Qxa5 Qxe7 40. Qa8+ Bf8 41.
Qa1+ Kg8 42. Qa2+ Qf7 43. Qb2 Qf5 44. Qb3+ Qf7 45. Qb2 Bg7 46. Qb8+ Bf8 47. Qb2
Qf5 48. Qb3+ Kh8 49. Qb2+ Kg8 50. Qb3+ Qf7 51. Qb2 Qf4 52. Qb3+ Kh8 53. Qb2+
Bg7 54. Qb5 Be5 55. Qe8+ Kg7 56. Qe7+ Kh8 57. Qe8+ Kg7 58. Qe7+ 1/2-1/2

[Event "DVM U10 2020"]
[Site "Magdeburg GER"]
[Date "2021.08.06"]
[Round "1"]
[White "Bock, Leonas"]
[Black "Rudolph, Simon"]
[Result "0-1"]
[Termination "normal"]
[Board "14.1"]
[WhiteElo "1278"]
[BlackElo "1207"]
[WhiteTeam "SSV Vimaria 91 Weimar"]
[BlackTeam "SC Leipzig-Lindenau"]
[PlyCount "58"]
[WhiteFideId "16287118"]
[BlackFideId "34617078"]
[EventCountry "GER"]
[EventRounds "7"]
[EventType "team-swiss"]
[EventDate "2021.08.06"]

{[%evp 0,43,32,-3,-27,-10,-3,-13,-14,-9,-24,59,-10,-39,-59,-82,-97,-369,0,0,54,
57,69,67,81,58,78,64,102,84,131,92,118,114,201,229,238,211,238,56,92,-61,-80,
-134,-109,-131]} 1. b3 e5 2. Bb2 Nc6 3. e3 d5 4. Bb5 Bd6 5. f4 f6 6. Bxc6+ bxc6
7. fxe5 fxe5 8. Bxe5 Qg5 9. Nf3 Qg6 10. Bxd6 Qxd6 11. Qe2 Nf6 12. d3 a5 13.
Nbd2 Be6 14. c4 Qe7 15. Ne5 Qd6 16. d4 a4 17. c5 Qd8 18. Nxc6 Qd7 19. Qb5 axb3
20. Nxb3 O-O 21. Qb7 Ne4 22. Ne5 Qe7 23. g3 Qf6 24. Qb4 Rab8 25. Qa3 Rxb3 26.
Qc1 Qf2+ 27. Kd1 Bg4+ 28. Nxg4 Rd3+ 29. Qd2 Qxd2# 0-1

[Event "DVM U10 2020"]
[Site "Magdeburg GER"]
[Date "2021.08.06"]
[Round "1"]
[White "Richter, Peter"]
[Black "Kirsch, Jamie"]
[Result "0-1"]
[Termination "normal"]
[Board "14.2"]
[WhiteElo "802"]
[BlackElo "1078"]
[WhiteTeam "SC Leipzig-Lindenau"]
[BlackTeam "SSV Vimaria 91 Weimar"]
[PlyCount "118"]
[WhiteFideId "34617094"]
[BlackFideId "34640460"]
[EventCountry "GER"]
[EventRounds "7"]
[EventType "team-swiss"]
[EventDate "2021.08.06"]

{[%evp 0,80,32,32,47,31,35,21,16,-59,-59,-34,-26,-73,-45,-46,-61,-106,-12,-10,
1,9,0,7,0,-37,-33,-28,35,30,30,-12,16,1,57,-19,2,-3,14,7,36,-15,0,-115,-132,
-331,10,0,11,-11,5,-8,0,0,0,0,0,0,100,47,78,-7,0,-33,-37,-33,-30,-67,-42,-38,
-32,-67,-58,-58,-67,-692,-708,-771,-596,-867,-903,-946,-962]} 1. e4 d5 2. e5
Nc6 3. Nf3 Bg4 4. h3 Bxf3 5. Qxf3 Nxe5 6. Qg3 Nd7 7. Nc3 e6 8. Nb5 Bd6 9. Nxd6+
cxd6 10. Qxg7 Qf6 11. Qxf6 Ngxf6 12. b3 Rc8 13. c4 d4 14. Bb2 e5 15. g3 a6 16.
Bg2 b5 17. Rc1 bxc4 18. Rxc4 Rxc4 19. bxc4 Nb6 20. Bc6+ Ke7 21. f4 Nxc4 22.
fxe5 Nxb2 23. exf6+ Kxf6 24. Rf1+ Ke7 25. Bd5 Nd3+ 26. Ke2 Ne5 27. Rf4 d3+ 28.
Ke3 f6 29. Re4 Rc8 30. Kd4 Rc2 31. Rh4 Rxd2 32. Rxh7+ Kd8 33. Rh8+ Ke7 34. Rh7+
Kd8 35. Rh8+ Kc7 36. Rh7+ Kb6 37. Rd7 Nxd7 38. h4 Rb2 39. h5 d2 40. Bf3 d1=Q+
41. Bxd1 Rd2+ 42. Ke3 Rxd1 43. h6 Nf8 44. a4 Ra1 45. Kf4 Rxa4+ 46. Kf5 Ra1 47.
Kxf6 Rh1 48. Kg7 Rxh6 49. g4 Rg6+ 50. Kh8 d5 51. g5 Nh7 52. Kxh7 Rxg5 53. Kh6
Rg1 54. Kh5 d4 55. Kh6 d3 56. Kh5 d2 57. Kh4 Rg8 58. Kh3 d1=Q 59. Kh2 Qh5# 0-1

[Event "DVM U10 2020"]
[Site "Magdeburg GER"]
[Date "2021.08.06"]
[Round "1"]
[White "Krüger, Moritz"]
[Black "Arne, Jonas"]
[Result "1-0"]
[Termination "normal"]
[Board "15.1"]
[WhiteElo "1040"]
[BlackElo "1205"]
[WhiteTeam "Hannover 96"]
[BlackTeam "SC 1975 Bann"]
[PlyCount "73"]
[WhiteFideId "34608923"]
[BlackFideId "34640398"]
[EventCountry "GER"]
[EventRounds "7"]
[EventType "team-swiss"]
[EventDate "2021.08.06"]

{[%evp 0,73,32,22,30,-16,36,42,33,38,42,49,56,32,40,38,43,48,53,51,57,4,74,58,
83,82,69,64,73,56,73,73,71,63,73,52,67,70,86,63,61,51,38,21,18,-59,-52,-41,-52,
-63,-51,-98,-41,-40,0,-36,2,-10,34,23,5,-81,-101,-170,547,-152,-135,-146,-17,
-98,381,394,394,396,398,405]} 1. d4 Nf6 2. c4 g6 3. Nc3 Bg7 4. e4 d6 5. Nf3
Nbd7 6. Be2 c5 7. d5 O-O 8. O-O a6 9. h3 Rb8 10. Be3 Ne8 11. Qd2 Ne5 12. Nxe5
Bxe5 13. Bf4 Bg7 14. Bh6 Nc7 15. a4 Bd7 16. Bxg7 Kxg7 17. Rfc1 b5 18. axb5 axb5
19. cxb5 Nxb5 20. Nxb5 Bxb5 21. Bxb5 Rxb5 22. Qe2 Qb6 23. Ra2 Rb8 24. Rb1 Rb4
25. Kh1 Rd4 26. f3 c4 27. Qc2 Qc5 28. Ra3 Rb4 29. Qc3 f6 30. Rba1 Rd3 31. Qe1
Qd4 32. Rc3 Rd2 33. Rb1 Qf2 34. Qg1 Rdxb2 35. Qxf2 Rxb1+ 36. Kh2 R1b3 37. Qd4
1-0

[Event "DVM U10 2020"]
[Site "Magdeburg GER"]
[Date "2021.08.06"]
[Round "1"]
[White "Klein, Levent"]
[Black "Rinke, Alexander"]
[Result "1/2-1/2"]
[Termination "normal"]
[Board "15.2"]
[WhiteElo "1229"]
[BlackElo "1132"]
[WhiteTeam "SC 1975 Bann"]
[BlackTeam "Hannover 96"]
[PlyCount "78"]
[WhiteFideId "34611274"]
[BlackFideId "34623523"]
[EventCountry "GER"]
[EventRounds "7"]
[EventType "team-swiss"]
[EventDate "2021.08.06"]

{[%evp 0,78,19,34,32,-12,44,27,46,-20,-23,-30,-19,-84,-81,-78,-66,-87,-74,-88,
-73,-62,-86,-90,-89,-99,-43,-54,42,-65,-21,-117,-53,-92,-9,-136,-135,-135,-120,
-161,-176,-163,-172,-214,-132,-142,-111,-120,-124,-101,-98,-100,-91,-98,-120,
-103,-103,-99,-99,-109,-101,-102,-101,-116,-109,-125,-71,-75,-70,-68,-63,-71,
-65,-66,-70,-82,-71,-69,-71,-80,-70]} 1. d4 d5 2. c4 c6 3. Nc3 Nf6 4. Bg5 dxc4
5. e4 b5 6. Bxf6 exf6 7. a3 Be7 8. Nf3 O-O 9. Be2 Qc7 10. d5 Rd8 11. O-O Bb7
12. Qd2 Rd7 13. Rfd1 Qd8 14. h3 Na6 15. Nh4 Qe8 16. Qc2 Rad8 17. dxc6 Bxc6 18.
Nf5 Nc5 19. Nxe7+ Qxe7 20. Rxd7 Rxd7 21. f3 Qd8 22. Rd1 Nb3 23. Rxd7 Qxd7 24.
Qd1 Qxd1+ 25. Bxd1 Nc5 26. Bc2 Kf8 27. Kf2 Ke7 28. Ke3 a6 29. Kd4 Ne6+ 30. Ke3
Kd6 31. Bd1 Kc5 32. g4 b4 33. axb4+ Kxb4 34. Nd5+ Kb5 35. Nc3+ Ka5 36. Bc2 Kb4
37. Nd5+ Kb5 38. Nc3+ Kb4 39. Nd5+ Kb5 1/2-1/2

[Event "DVM U10 2020"]
[Site "Magdeburg GER"]
[Date "2021.08.06"]
[Round "1"]
[White "Blumenthal Tuset, Sebastian"]
[Black "Eschrig, Immanuel"]
[Result "1-0"]
[Termination "normal"]
[Board "16.1"]
[WhiteElo "1187"]
[BlackElo "1094"]
[WhiteTeam "SK Gräfelfing"]
[BlackTeam "Greifswalder SV"]
[PlyCount "107"]
[WhiteFideId "34604286"]
[BlackFideId "34626506"]
[EventCountry "GER"]
[EventRounds "7"]
[EventType "team-swiss"]
[EventDate "2021.08.06"]

{[%evp 0,65,32,20,18,24,16,25,17,-12,0,-6,9,8,4,3,7,3,0,3,8,8,78,77,87,86,91,
101,112,91,98,102,130,98,101,26,34,41,38,-56,-38,-74,-87,-101,105,61,207,211,
208,194,228,228,302,189,192,204,210,221,234,234,274,292,753,791,820,852,865,
833]} 1. e4 e5 2. Nf3 Nc6 3. Bb5 a6 4. Ba4 Nf6 5. Nc3 Bb4 6. d3 d6 7. Bd2 Bd7
8. O-O O-O 9. h3 b5 10. Bb3 a5 11. Nxb5 Bxd2 12. Qxd2 Rb8 13. a4 Nb4 14. Nc3
Qe7 15. Rfe1 Rfc8 16. Nd1 Nh5 17. Qg5 Qxg5 18. Nxg5 Rf8 19. Rb1 Nf4 20. Ne3 h6
21. Nf3 c6 22. Nc4 d5 23. Ncxe5 Be6 24. exd5 cxd5 25. Nd4 Rbc8 26. Nxe6 fxe6
27. c3 Nbxd3 28. Nxd3 Nxd3 29. Rxe6 Rxf2 30. Bxd5 Rxb2 31. Rxb2 Nxb2 32. Re8+
Kh7 33. Rxc8 Nxa4 34. Be4+ g6 35. Rc7+ Kg8 36. Bxg6 Nb6 37. Bb1 Kf8 38. Ba2 a4
39. Rb7 Nc8 40. Rb8 Ke7 41. Rxc8 Kd6 42. Ra8 Ke5 43. Rxa4 Kf5 44. c4 Ke5 45. c5
Kf6 46. c6 Ke7 47. c7 Kd7 48. Ra7 h5 49. Be6+ Kxe6 50. c8=Q+ Kd6 51. Ra5 Ke7
52. Ra6 h4 53. Qc7+ Ke8 54. Ra8# 1-0